Antropología filosófica : introducción a una filosofía de la cultura /

Ernst Cassirer (1874-1945), filósofo alemán, expone que el hombre a diferencia del animal utiliza símbolos que le permiten configurar el mundo cultural, de forma tal que la manifestación del espíritu humano se da dentro de ese sistema de símbolos expresado fundamentalmente en el ámbito del lenguaje,...

Descrizione completa

Salvato in:
Dettagli Bibliografici
Autore principale: Cassirer, Ernst (autor)
Altri autori: Imaz, Eugenio (traducción) (traducción)
Natura: Libro
Lingua:spagnolo
Pubblicazione: México : Fondo de Cultura Económica, 1951, c1945
Edizione:2a edición
Serie:(Colección Popular ; 41)
Soggetti:
Tags: Aggiungi Tag
Nessun Tag, puoi essere il primo ad aggiungerne!!

MARC

LEADER 00000nam^a2200000^a^4500
001 000258026
005 20250521000000.0
009 20260310110311.911
037 |a Acervo Xavier Clavigero 
041 |a ESP 
082 |a 128.  |b CAS 
100 |a Cassirer, Ernst  |e (autor) 
240 1 1 |a [Antropología filosófica: introducción a una filosofía de la cultura] 
245 1 0 |a Antropología filosófica :  |b introducción a una filosofía de la cultura /  |c E. Cassirer ; tr. por E. Imaz. 
250 |a 2a edición 
264 4 |a México :  |b Fondo de Cultura Económica,  |c 1951, c1945 
300 |a 335 p. 
336 |a texto  |b txt  |2 rdacontenido 
337 |a sin mediación  |b n  |2 rdamedio 
338 |a volumen  |b nc  |2 rdasoporte 
440 1 |a (Colección Popular ;  |v 41) 
500 |a Traducción de: Essay on Man 
520 |a Ernst Cassirer (1874-1945), filósofo alemán, expone que el hombre a diferencia del animal utiliza símbolos que le permiten configurar el mundo cultural, de forma tal que la manifestación del espíritu humano se da dentro de ese sistema de símbolos expresado fundamentalmente en el ámbito del lenguaje, del mito, la religión, el arte y la ciencia. Desde esta perspectiva indaga sobre la pregunta por el hombre y su relación con la cultura. 
649 |a XX 
650 |a Antropología Filosófica -  |x Tema Principal 
650 |a Antropología Cultural 
650 |a Sociología de la Cultura 
650 |a Filosofía del Siglo XX 
650 |a Filosofía Alemana 
700 |a Imaz, Eugenio  |e (traducción) 
910 |a Fondo General 
920 |a Impresos - Libros 
930 |a Colección General 
905 |a 101 
901 |a 019108  |b IT1  |c ACC  |u 20250521 
902 |a https://opac.biblio.iteso.mx/vufind/Record/000258026